000 00494cam a22001457a 4500
008 180718b2002 xxu||||| |||| 00| 0 eng d
082 _aA81x54 01/15/Pap3/01
100 _aCensus of India 2001
245 _aManipur: provisional population totals
260 _aDelhi
_bThe Controller of Publications
_c2002
300 _a109+p.
440 _aCensus of India 2001. Series 15, Manipur. Paper 3 of 2001
500 _aContents: Distribution of workers and non-workers
650 _aManipur - Census
999 _c486930
_d486930